LIBRARY & INFORMATION CENTRE, KCAET, TAVANUR

ONLINE PUBLIC ACCESS CATALOGUE (OPAC)

Artificial neural network model for prediction of crop evapotranspiration (Record no. 16311)

MARC details
000 -LEADER
fixed length control field 00599nam a22001817a 4500
003 - CONTROL NUMBER IDENTIFIER
control field OSt
082 ## - DEWEY DECIMAL CLASSIFICATION NUMBER
Classification number 631.587
Item number AKH/AR
100 ## - MAIN ENTRY--AUTHOR NAME
Personal name Akhina, P
100 ## - MAIN ENTRY--AUTHOR NAME
Personal name Angitha, K. A
100 ## - MAIN ENTRY--AUTHOR NAME
Personal name Rabeea Assainar
100 ## - MAIN ENTRY--AUTHOR NAME
Personal name Ranjisha, K
100 ## - MAIN ENTRY--AUTHOR NAME
Personal name Shabana, P
245 ## - TITLE STATEMENT
Title Artificial neural network model for prediction of crop evapotranspiration
260 ## - PUBLICATION, DISTRIBUTION, ETC. (IMPRINT)
Place of publication Tavanur
Name of publisher Department of Irrigation and Drainage Engineering
Year of publication 2020
700 ## - ADDED ENTRY--PERSONAL NAME
Personal name Sasikala, D
856 ## - ELECTRONIC LOCATION AND ACCESS
Uniform Resource Identifier https://drive.google.com/file/d/1mUi4BihkE2GElUCWbyCTrwu6LXCC1Lnv/view?usp=sharing
942 ## - ADDED ENTRY ELEMENTS (KOHA)
Koha item type Project Report
Holdings
Collection code Home library Current library Shelving location Full call number Accession Number Koha item type
General Books KAUAET KAUAET Reference 631.587 AKH/AR P 472 Project Report
free website counter